| 000 | 00527nam a2200181 a 4500 | ||
|---|---|---|---|
| 001 | 000012491 | ||
| 005 | 20240530073914.0 | ||
| 008 | 091113s1966 dr 000 f spa d | ||
| 040 |
_aDO-SdBNP _bspa _cBNPHU |
||
| 082 |
_aRD863.44 _bL817e |
||
| 100 | 1 |
_aLockward, Antonio _929214 |
|
| 245 | 1 | 0 |
_aEspíritu intranquilo / _cAntonio Lockward. |
| 260 |
_aSanto Domingo : _bArtes Gráficas Carmen, _c1966. |
||
| 300 |
_a63 p. ; _c21 cm. |
||
| 650 | 0 |
_aNovela dominicana _9223 |
|
| 650 | 0 |
_aLiteratura dominicana. _967 |
|
| 049 | _aBNPD | ||
| 999 |
_c12147 _d12147 |
||